000 00306nam a2200133Ia 4500
005 20251222144759.0
008 251222s9999||||xx |||||||||||||| ||spa||
020 _a88-06-12721
082 _a853.91/P27P
100 _aPasolini, Pier Paolo
245 0 _aPetrolio
264 _bGiulio Einaudi
942 _cLIB
999 _c19665
_d19665